000 00631nam a2200253Ia 4500
005 20260121155026.0
008 008 260114s9999 xx 000 0 eng d
020 _a9781003091165
037 _aEBOOK
040 _aCRL
040 _beng
040 _cCRL
041 _2eng
041 _aeng
084 _qCRL
100 _a Ioanna Chatzidimitriou
_91014450
245 0 _aTranslingual Francophonie and the Limits of Translation
260 _bTaylor and Francis
260 _c2021
856 _uhttp://www.taylorfrancis.com/books/9781003091165
942 _cEBOOK
999 _c1581269
_d1581269